| 000 | 00895nam a2200265 a 4500 | ||
|---|---|---|---|
| 001 | 000012278 | ||
| 003 | DO-SdBNP | ||
| 005 | 20240530073913.0 | ||
| 007 | ta | ||
| 008 | 091110s1972 dr 000 f spa d | ||
| 040 |
_aDO-SdBNP _bspa _cBNPHU |
||
| 082 | 4 |
_aRD863.44 _bD676b _222 |
|
| 100 | 1 |
_aDonastorg, Tarquino, _d1906 -1989 _925139 |
|
| 245 | 1 | 0 |
_aBatey / _cTarquino Donastorg ; prólogo Manuel A. Richiez Acevedo. |
| 246 | 1 | 4 |
_aBatey : _bnovela vernacula |
| 260 |
_aSan Pedro de Macorís, República Dominicana : _bLockhart, _c1972. |
||
| 300 |
_a129 p. ; _c23 cm. |
||
| 590 | _aLa biblioteca posee 2 ejemplares ortografíados por el autor. | ||
| 590 | _aInventariado, 2019/MFF | ||
| 650 | 0 |
_aNovela dominicana _9223 |
|
| 650 | 0 |
_aLiteratura dominicana. _967 |
|
| 700 | 1 |
_aRichiez Acevedo, Manuel A., _epról. _928922 |
|
| 910 | _aValidado. Control de calidad MFF | ||
| 942 |
_2ddc _cLBS1 |
||
| 999 |
_c11936 _d11936 |
||